[Event "Tournament 14475 - Europe Echecs"]
[Site "Europe Echecs"]
[Date "2020.07.12"]
[Round "5"]
[Time "16:08:00"]
[PlyCount "140"]
[White "NoirMathys"]
[Black "SylvestreBaron"]
[WhiteElo "1897"]
[BlackElo "1728"]
[Mode "WEB"]
[Result "1-0"]

1. e4 c5 2. d4 cxd4 3. c3 Nc6 4. Nf3 d5 5. exd5 Qxd5 6. Be2 d3 7. Bxd3 Bg4 8.
Be2 Qxd1+ 9. Bxd1 Nf6 10. Be3 O-O-O 11. O-O e5 12. Nbd2 h6 13. Bb3 Nd5 14. h3
Bxf3 15. Nxf3 f5 16. Rad1 Nxe3 17. fxe3 Bc5 18. Be6+ Kb8 19. Bxf5 Bxe3+ 20. Kh1
Bf4 21. Be4 Kc7 22. Nh4 Rxd1 23. Rxd1 Rd8 24. Rxd8 Nxd8 25. Nf5 Bc1 26. b3 Ne6
27. Kg1 Bb2 28. c4 Bd4+ 29. Kf1 Nc5 30. Bc2 Ne6 31. Ke2 a5 32. Kf3 Ng5+ 33. Kg4
Ne6 34. h4 Kd7 35. Kf3 Kc6 36. Be4+ Kd7 37. Bxb7 Kc7 38. Bd5 Nf4 39. Nxg7 Nxd5
40. Ne6+ Kd6 41. Nxd4 Nb4 42. Nf5+ Ke6 43. Nxh6 Nxa2 44. Ng4 Nc1 45. h5 Nxb3 46.
h6 Kf7 47. Nxe5+ Kg8 48. Ke4 a4 49. Nd3 a3 50. Nb4 Nc5+ 51. Kd4 Na6 52. Na2 Kh7
53. c5 Nxc5 54. Kxc5 Kxh6 55. Kd4 Kg5 56. Ke3 Kg4 57. Kf2 Kf4 58. Nc3 Kg4 59. g3
Kf5 60. Kf3 Kg5 61. g4 Kf6 62. Kf4 Kg6 63. g5 Kf7 64. Kf5 Kg7 65. g6 Kg8 66. Kf6
Kf8 67. g7+ Kg8 68. Kg6 a2 69. Nd5 a1=Q 70. Ne7# {SylvestreBaron est échec et mat} 1-0

[Event "Tournament 14475 - Europe Echecs"]
[Site "Europe Echecs"]
[Date "2020.07.12"]
[Round "5"]
[Time "16:08:00"]
[PlyCount "105"]
[White "GreuthierAlois"]
[Black "WeismanNathan"]
[WhiteElo "1601"]
[BlackElo "2186"]
[Mode "WEB"]
[Result "0-1"]

1. e4 Nf6 2. e5 Nd5 3. d4 d6 4. Nf3 g6 5. Bc4 Nb6 6. Bb3 Bg7 7. O-O O-O 8. h3
Nc6 9. Re1 dxe5 10. d5 Nd4 11. c4 c6 12. dxc6 Nxc6 13. c5 Qxd1 14. Rxd1 Nd7 15.
Be3 e4 16. Nd4 Nxd4 17. Bxd4 Bxd4 18. Rxd4 Nxc5 19. Nc3 e3 20. Bd5 exf2+ 21.
Kxf2 Be6 22. Bf3 Rfd8 23. Rad1 Rxd4 24. Rxd4 Rc8 25. a3 Nb3 26. Rd1 b6 27. Bd5
Bxd5 28. Rxd5 Nc5 29. Nb5 a6 30. Nc3 Kf8 31. h4 Ke8 32. g4 Rd8 33. h5 Rxd5 34.
Nxd5 Nd3+ 35. Ke3 Nxb2 36. Nxb6 Kd8 37. hxg6 fxg6 38. Ke4 Kc7 39. Nd5+ Kd6 40.
g5 Nc4 41. Nb4 a5 42. Nc2 Nd2+ 43. Ke3 Nc4+ 44. Ke4 e5 45. Kd3 Kd5 46. Kc3 e4
47. a4 Nb6 48. Ne3+ Ke5 49. Ng4+ Kf4 50. Nf6 Kxg5 51. Nxe4+ Kf4 52. Nc5 h5 {GreuthierAlois a abandonné} 0-1

[Event "Tournament 14475 - Europe Echecs"]
[Site "Europe Echecs"]
[Date "2020.07.12"]
[Round "5"]
[Time "16:08:00"]
[PlyCount "98"]
[White "LemiereMaxence"]
[Black "BregnacTristan"]
[WhiteElo "1618"]
[BlackElo "2047"]
[Mode "WEB"]
[Result "1-0"]

1. e4 c5 2. Nf3 d6 3. c3 Nf6 4. d3 g6 5. Be2 Bg7 6. O-O O-O 7. Be3 Nc6 8. Qd2
Ng4 9. Na3 Nxe3 10. fxe3 e5 11. d4 exd4 12. exd4 cxd4 13. Nxd4 Qb6 14. Nc4 Qc5
15. Kh1 Nxd4 16. cxd4 Qxd4 17. Qxd4 Bxd4 18. Nxd6 Be6 19. Rad1 Bxb2 20. Nxb7
Rab8 21. Nc5 Ba3 22. Nd7 Bxd7 23. Rxd7 Rb4 24. Rxa7 Rxe4 25. Bf3 Bc5 26. Rc7 Re5
27. a4 Rfe8 28. g3 R8e7 29. Rc8+ Kg7 30. a5 Ra7 31. Ra8 Rxa8 32. Bxa8 Bb4 33. a6
Ra5 34. Bb7 f5 35. Rb1 Bc5 36. Kg2 Kf6 37. Rd1 h5 38. Rd5 Ra2+ 39. Kf1 Ba7 40.
Rd6+ Ke5 41. Rxg6 Rxh2 42. Bg2 h4 43. Rg7 Bc5 44. Rc7 Bd4 45. Rd7 Be3 46. Re7+
Kd4 47. a7 h3 48. Bxh3 Ra2 49. Bg2 {BregnacTristan a perdu au temps} 1-0

[Event "Tournament 14475 - Europe Echecs"]
[Site "Europe Echecs"]
[Date "2020.07.12"]
[Round "5"]
[Time "16:08:00"]
[PlyCount "121"]
[White "SepahpourSherv"]
[Black "DecurningeBric"]
[WhiteElo "1398"]
[BlackElo "1582"]
[Mode "WEB"]
[Result "0-1"]

1. d4 Nf6 2. c4 g6 3. Nc3 d5 4. cxd5 Nxd5 5. e4 Nxc3 6. bxc3 Bg7 7. Nf3 c5 8.
Be3 Nc6 9. Bb5 O-O 10. Bxc6 bxc6 11. O-O Ba6 12. Re1 cxd4 13. cxd4 c5 14. Rc1
cxd4 15. Bxd4 Qa5 16. Bxg7 Kxg7 17. Qd5 Qa3 18. Rc7 Qd6 19. Qxd6 exd6 20. Rc6
Bb5 21. Rxd6 Rac8 22. Nd4 Bd3 23. Ne6+ fxe6 24. Rxd3 Rc2 25. Rd7+ Kh6 26. Rxa7
Rfxf2 27. Re3 Rxg2+ 28. Kf1 Rxh2 29. Kg1 Rxa2 30. Rh3+ Rxh3 31. Rxa2 Re3 32. Ra4
Kg5 33. Kf2 Rb3 34. Ra6 e5 35. Ra7 h6 36. Re7 Kf4 37. Rf7+ Kxe4 38. Rf6 Rb2+ 39.
Kg3 Rb1 40. Kf2 Rb2+ 41. Kg3 Rb3+ 42. Kf2 g5 43. Rxh6 Kf4 44. Ra6 Rb2+ 45. Kf1
e4 46. Rf6+ Kg4 47. Ra6 e3 48. Ra8 Kg3 49. Rg8 g4 50. Rf8 Rf2+ 51. Rxf2 exf2 52.
Ke2 Kg2 53. Ke3 f1=Q 54. Ke4 Kh3 55. Ke5 g3 56. Ke4 g2 57. Ke5 g1=Q 58. Ke6 Qg6+
59. Ke5 Qb5+ 60. Kd4 Qgd3# {SepahpourSherv est échec et mat} 0-1

[Event "Tournament 14475 - Europe Echecs"]
[Site "Europe Echecs"]
[Date "2020.07.12"]
[Round "5"]
[Time "16:08:00"]
[PlyCount "157"]
[White "CiarlettaIris"]
[Black "ChevillonManon"]
[WhiteElo "1493"]
[BlackElo "1356"]
[Mode "WEB"]
[Result "0-1"]

1. d4 Nf6 2. c4 e6 3. Nc3 Bb4 4. Bg5 b6 5. e4 Be7 6. Bd3 d6 7. Nge2 Bb7 8. O-O
Nbd7 9. d5 e5 10. Ng3 h6 11. Bd2 c5 12. Nf5 g6 13. Ng3 Qc7 14. Bc2 a6 15. Ba4
O-O-O 16. Qe2 Kb8 17. a3 g5 18. Nf5 Rde8 19. Bd1 Bc8 20. Qd3 Nf8 21. Ng7 Rd8 22.
b4 Rg8 23. Nh5 Nxh5 24. Bxh5 Ng6 25. bxc5 dxc5 26. Rfb1 Nf4 27. Bxf4 gxf4 28.
Bf3 Bg4 29. a4 Bxf3 30. Qxf3 Rd6 31. a5 Ka7 32. axb6+ Rxb6 33. Qh5 Rxb1+ 34.
Rxb1 Rb8 35. Qxf7 Rxb1+ 36. Nxb1 Qb7 37. Nd2 Bd6 38. Qxb7+ Kxb7 39. Kf1 Kb6 40.
Ke1 Ka5 41. Kd1 Kb4 42. Kc2 a5 43. Kd3 a4 44. Nb1 a3 45. Nxa3 Kxa3 46. Kc3 Ka4
47. g4 Be7 48. f3 Ka3 49. Kc2 Kb4 50. Kd3 Kb3 51. h3 Bd6 52. h4 Be7 53. h5 Bd8
54. d6 Bf6 55. d7 Bd8 56. Kd2 Kxc4 57. Kc2 Kb4 58. Kb2 Kc4 59. Kc2 Kd4 60. Kd2
c4 61. Kc2 Ke3 62. Kc3 Kxf3 63. g5 Bxg5 64. Kxc4 Kxe4 65. Kc5 f3 66. Kd6 f2 67.
Ke6 Ke3 68. Kxe5 f1=Q 69. d8=Q Bxd8 70. Kd5 Qf5+ 71. Kd6 Qxh5 72. Kd7 Qd5+ 73.
Ke8 Qe6+ 74. Kxd8 Qf7 75. Kc8 Kd4 76. Kb8 Kc5 77. Ka8 Kb6 78. Kb8 Qb7# {CiarlettaIris est échec et mat} 0-1

[Event "Tournament 14475 - Europe Echecs"]
[Site "Europe Echecs"]
[Date "2020.07.12"]
[Round "5"]
[Time "16:08:00"]
[PlyCount "115"]
[White "HeilerLucas"]
[Black "GavilaQuentin"]
[WhiteElo "1463"]
[BlackElo "1199"]
[Mode "WEB"]
[Result "0-1"]

1. d4 Nf6 2. Bf4 c5 3. Nf3 Qb6 4. b3 g6 5. dxc5 Qxc5 6. e3 Bg7 7. Be5 d6 8. Bb2
O-O 9. Bd3 Bg4 10. h3 Be6 11. O-O Nc6 12. Nd4 Nxd4 13. Bxd4 Qg5 14. Qf3 Bd5 15.
Qg3 Qxg3 16. fxg3 e5 17. Bb2 Nh5 18. g4 Ng3 19. Rf2 Rae8 20. Nd2 e4 21. Bxg7
Kxg7 22. Bc4 Bxc4 23. Nxc4 f5 24. Kh2 f4 25. exf4 e3 26. Kxg3 exf2 27. Kxf2
Rxf4+ 28. Kg3 Rf6 29. Rd1 Re2 30. Rxd6 Rxd6 31. Nxd6 Rxc2 32. Nxb7 Rxa2 33. h4
Rd2 34. Nc5 Rc2 35. b4 a5 36. h5 axb4 37. Na4 b3 38. hxg6 hxg6 39. Kh3 b2 40.
Nxb2 Rxb2 41. g3 Kh6 42. g5+ Kxg5 43. g4 Rb4 44. Kh2 Rxg4 45. Kh3 Rb4 46. Kh2
Rb3 47. Kh1 Rb2 48. Kg1 Kg4 49. Kf1 Kg3 50. Ke1 Kf3 51. Kd1 Ke3 52. Kc1 Rh2 53.
Kd1 g5 54. Kc1 g4 55. Kb1 g3 56. Kc1 g2 57. Kd1 g1=Q# {HeilerLucas est échec et mat} 0-1

[Event "Tournament 14475 - Europe Echecs"]
[Site "Europe Echecs"]
[Date "2020.07.12"]
[Round "5"]
[Time "16:08:00"]
[PlyCount "106"]
[White "ChevillonCelia"]
[Black "StrichardHadri"]
[WhiteElo "1433"]
[BlackElo "1199"]
[Mode "WEB"]
[Result "1-0"]

1. e4 c5 2. Nf3 Nc6 3. d4 cxd4 4. Nxd4 g6 5. c3 Bg7 6. Be3 e6 7. Bc4 Nge7 8. Bb3
O-O 9. O-O d5 10. Nd2 a6 11. exd5 Nxd5 12. Bxd5 Qxd5 13. N2f3 Nxd4 14. Bxd4 b5
15. Re1 Bb7 16. Bxg7 Qxd1 17. Raxd1 Kxg7 18. Rd7 Bd5 19. b3 Rfd8 20. Rxd8 Rxd8
21. Rd1 Rc8 22. Rd3 Kf6 23. Nd2 Ke7 24. f3 a5 25. Kf2 a4 26. Ke3 axb3 27. axb3
Kf6 28. Kd4 e5+ 29. Kxd5 Kf5 30. Ne4 Rd8+ 31. Nd6+ Kf4 32. Kc5 f5 33. g3+ Kg5
34. Nf7+ Kf6 35. Nxd8 e4 36. fxe4 fxe4 37. Re3 Ke5 38. Kxb5 Kd5 39. Nc6 g5 40.
Nd4 h6 41. b4 g4 42. Ka6 h5 43. b5 Ke5 44. b6 h4 45. b7 hxg3 46. hxg3 Kd5 47.
b8=Q Kc5 48. Qc7+ Kd5 49. c4+ Kxd4 50. Qb6+ Kxc4 51. Rxe4+ Kc3 52. Qd4+ Kc2 53.
Re3 {StrichardHadri a perdu au temps} 1-0

[Event "Tournament 14475 - Europe Echecs"]
[Site "Europe Echecs"]
[Date "2020.07.12"]
[Round "5"]
[Time "16:08:00"]
[PlyCount "50"]
[White "BachyLouis"]
[Black "BOUMRARAyrad"]
[WhiteElo "1264"]
[BlackElo "1431"]
[Mode "WEB"]
[Result "1-0"]

1. e4 c5 2. Nc3 Nc6 3. f4 d6 4. Nf3 g6 5. Bc4 Bg7 6. d3 e6 7. O-O Nge7 8. Qe1
O-O 9. f5 exf5 10. Qh4 Na5 11. Bg5 Re8 12. Nd5 Nac6 13. Bb5 Be6 14. Nxe7+ Nxe7
15. Bxe8 Bf8 16. Bxf7+ Bxf7 17. exf5 h6 18. fxg6 hxg5 19. gxf7+ Kxf7 20. Nxg5+
Ke8 21. Rxf8+ Kxf8 22. Ne6+ Ke8 23. Nxd8 Kxd8 24. Qh8+ Kd7 25. Qxa8 {BOUMRARAyrad a abandonné} 1-0

[Event "Tournament 14475 - Europe Echecs"]
[Site "Europe Echecs"]
[Date "2020.07.12"]
[Round "5"]
[Time "16:08:00"]
[PlyCount "132"]
[White "TighargharElio"]
[Black "FavierSagnesJu"]
[WhiteElo "1119"]
[BlackElo "1178"]
[Mode "WEB"]
[Result "1/2-1/2"]

1. e4 e6 2. d4 d5 3. exd5 exd5 4. Qe2+ Qe7 5. Nc3 Qxe2+ 6. Bxe2 Nf6 7. Nf3 Be7
8. O-O c6 9. Re1 O-O 10. Bg5 Bg4 11. h3 Bh5 12. Ne5 Bxe2 13. Rxe2 Re8 14. b3 h6
15. Bf4 Nbd7 16. Na4 Nxe5 17. dxe5 Nd7 18. Bh2 b6 19. Nb2 Bc5 20. Nd3 Be7 21.
Rae1 a5 22. f4 Bf8 23. e6 fxe6 24. Rxe6 Rxe6 25. Rxe6 Rc8 26. f5 Nc5 27. Nxc5
Bxc5+ 28. Kf1 Kf7 29. g4 Bd4 30. Be5 Bxe5 31. Rxe5 b5 32. Re6 a4 33. Kf2 axb3
34. axb3 g6 35. Rxg6 Ra8 36. Rxc6 Ra2 37. Kg3 Kg7 38. Kh4 Ra1 39. Rc5 Rc1 40. b4
d4 41. Rc7+ Kg8 42. Rd7 Rd1 43. c3 d3 44. Kh5 d2 45. Kxh6 Kf8 46. g5 Ke8 47. Ra7
Rh1 48. Ra8+ Kd7 49. Ra7+ Kc6 50. Ra6+ Kb7 51. Rd6 d1=Q 52. Rxd1 Rxd1 53. h4 Rc1
54. h5 Rxc3 55. g6 Rc6 56. Kg5 Rd6 57. h6 Rd1 58. h7 Rg1+ 59. Kf6 Rh1 60. g7
Rh6+ 61. Kf7 Ka6 62. g8=Q Rb6 63. h8=Q Rb7+ 64. Kg6 Rb6+ 65. Kg5 Rb8 66. Qxb8 {Nulle par pat} 1/2-1/2

[Event "Tournament 14475 - Europe Echecs"]
[Site "Europe Echecs"]
[Date "2020.07.12"]
[Round "5"]
[Time "16:08:00"]
[PlyCount "175"]
[White "GerardKelian"]
[Black "DhenninTanguy"]
[WhiteElo "1056"]
[BlackElo "1160"]
[Mode "WEB"]
[Result "1/2-1/2"]

1. d4 e6 2. e4 c6 3. c4 Be7 4. Nc3 f5 5. e5 d6 6. Bd3 dxe5 7. dxe5 Bb4 8. Nf3
Ne7 9. Bd2 Qxd3 10. a3 Bxc3 11. bxc3 O-O 12. Ng5 Qxc4 13. Qh5 h6 14. Nf3 b6 15.
Qh4 Qd3 16. Qxe7 Ba6 17. Qxe6+ Kh8 18. Nd4 c5 19. Qd6 Nd7 20. Qxd7 cxd4 21.
O-O-O Bb5 22. Qb7 Ba4 23. Qxg7+ Kxg7 24. Bxh6+ Kxh6 25. Rxd3 Rg8 26. Rxd4 Bb5
27. Rd5 Bc6 28. Rd6+ Rg6 29. Rhd1 Rc8 30. e6 Be8 31. e7 Rxd6 32. Rxd6+ Kg7 33.
Rd8 Rxc3+ 34. Kd2 Rxa3 35. Rxe8 Kf7 36. Rf8+ Kxe7 37. Rxf5 Ra2+ 38. Kc3 Ra3+ 39.
Kb4 Rd3 40. Re5+ Kd6 41. Rf5 Rd4+ 42. Kb5 Kc7 43. Ka6 Kc6 44. Kxa7 Rd7+ 45. Ka6
Rd8 46. Rf6+ Kc5 47. Rxb6 Ra8+ 48. Kb7 Ra5 49. h4 Ra4 50. h5 Rh4 51. Ra6 Rg4 52.
Rg6 Rf4 53. h6 Rf7+ 54. Kb8 Kd5 55. Rg7 Rf8+ 56. Kc7 Rxf2 57. h7 Rc2+ 58. Kd8
Ra2 59. Rd7+ Ke6 60. Kc7 Ra7+ 61. Kc6 Rxd7 62. h8=Q Rd6+ 63. Kc5 Rd5+ 64. Kc4
Rf5 65. Qc8+ Kf6 66. Kd4 Rf4+ 67. Ke3 Rf5 68. Qf8+ Kg5 69. Qxf5+ Kxf5 70. Kf3
Kg5 71. g3 Kf5 72. Kg2 Kg5 73. Kh3 Kg6 74. Kh4 Kh6 75. Kg4 Kg6 76. Kf4 Kh6 77.
g4 Kg6 78. g5 Kg7 79. Kf5 Kf7 80. Kg4 Kg6 81. Kf4 Kg7 82. Kf5 Kg8 83. g6 Kg7 84.
Kg5 Kg8 85. Kh6 Kh8 86. g7+ Kg8 87. Kh5 Kxg7 {Aucun joueur n'a le mat&eacute;riel pour mater} 1/2-1/2

[Event "Tournament 14475 - Europe Echecs"]
[Site "Europe Echecs"]
[Date "2020.07.12"]
[Round "6"]
[Time "16:38:39"]
[PlyCount "84"]
[White "DroinAugustin"]
[Black "Razafindratsim"]
[WhiteElo "2313"]
[BlackElo "2336"]
[Mode "WEB"]
[Result "1-0"]

1. e4 e5 2. Nf3 Nc6 3. Bc4 Bc5 4. d4 exd4 5. O-O d6 6. c3 dxc3 7. Nxc3 Nf6 8.
Bg5 h6 9. Bh4 g5 10. Bg3 Bg4 11. Nd5 Nxd5 12. Bxd5 Qd7 13. Qb3 O-O-O 14. Rac1
Be6 15. a4 Bxd5 16. exd5 Ne7 17. Nd2 Qf5 18. Rfe1 Nxd5 19. Ne4 Rhe8 20. Nxc5
Rxe1+ 21. Rxe1 dxc5 22. h3 Nf4 23. Re7 Ne6 24. Qc3 h5 25. h4 gxh4 26. Bxh4 Qg4
27. Qf6 Rd1+ 28. Kh2 Qf4+ 29. Qxf4 Nxf4 30. Re8+ Kd7 31. Rd8+ Kc6 32. Rxd1 Ng6
33. Bf6 b5 34. axb5+ Kxb5 35. Rd7 Nf4 36. Rxc7 Nd5 37. Rxf7 a5 38. Be5 a4 39. f4
Ne3 40. Kg3 Kc4 41. Kf3 Nd1 42. Rd7 {Razafindratsim a abandonné} 1-0

[Event "Tournament 14475 - Europe Echecs"]
[Site "Europe Echecs"]
[Date "2020.07.12"]
[Round "6"]
[Time "16:38:39"]
[PlyCount "102"]
[White "JolyJulien"]
[Black "TravadonLoic"]
[WhiteElo "2188"]
[BlackElo "2431"]
[Mode "WEB"]
[Result "1-0"]

1. e4 c5 2. Nf3 e6 3. d4 cxd4 4. Nxd4 Nc6 5. Nc3 Nf6 6. Ndb5 Bc5 7. Bf4 O-O 8.
Bc7 Qe7 9. Bd6 Bxd6 10. Qxd6 Qd8 11. Qc7 Qxc7 12. Nxc7 Rb8 13. N7b5 a6 14. Nd6
b5 15. O-O-O b4 16. Na4 a5 17. f3 Bb7 18. Nc5 Ba8 19. Be2 h6 20. Rd2 g5 21. Rhd1
Kg7 22. g3 Rfd8 23. h4 Ne5 24. hxg5 hxg5 25. f4 gxf4 26. gxf4 Ng6 27. Rg1 Kf8
28. Rf1 Ke7 29. Rf2 Rb6 30. e5 Nd5 31. Nd3 f5 32. Bh5 Nf8 33. Rg2 Rdb8 34. Rg8
Nc3 35. Rh2 Ne4 36. Bf3 Nxd6 37. Bxa8 Nf7 38. Bf3 d5 39. Bh5 Nd7 40. Rg7 Rf8 41.
Bg6 b3 42. axb3 a4 43. bxa4 Ra6 44. Bxf7 Rxa4 45. Bg6+ Kd8 46. Rhh7 Nb6 47. Rb7
Ra1+ 48. Kd2 Nc4+ 49. Ke2 Kc8 50. Rhc7+ Kd8 51. Nc5 {TravadonLoic a abandonné} 1-0

[Event "Tournament 14475 - Europe Echecs"]
[Site "Europe Echecs"]
[Date "2020.07.12"]
[Round "6"]
[Time "16:38:39"]
[PlyCount "90"]
[White "LamazeSimon"]
[Black "BressyTheo"]
[WhiteElo "2185"]
[BlackElo "2289"]
[Mode "WEB"]
[Result "1-0"]

1. d4 Nf6 2. c4 e5 3. dxe5 Ng4 4. g3 Nxe5 5. b3 Bb4+ 6. Bd2 Bxd2+ 7. Nxd2 Nbc6
8. Bg2 O-O 9. Ngf3 d6 10. O-O Be6 11. Qc2 Qf6 12. a3 Rfe8 13. Rac1 Rad8 14. Nxe5
Qxe5 15. e3 d5 16. cxd5 Bxd5 17. Nc4 Qe6 18. Rfd1 Bxg2 19. Kxg2 b5 20. Nd2 Ne5
21. Nf3 Nxf3 22. Kxf3 Rxd1 23. Rxd1 h5 24. Kg2 c6 25. Rd4 g6 26. b4 a6 27. Qc5
Qc8 28. Qd6 Kg7 29. e4 Re6 30. Qc5 Qc7 31. f4 h4 32. e5 hxg3 33. hxg3 Re8 34.
Rd6 Rh8 35. e6 Qe7 36. Qd4+ Kh7 37. Qe5 Re8 38. f5 f6 39. Qd4 Kg8 40. Rd7 Qf8
41. Qg4 g5 42. Qh5 Re7 43. Qg6+ Kh8 44. Kh3 Qg7 45. Rd8+ {BressyTheo a perdu au temps} 1-0

[Event "Tournament 14475 - Europe Echecs"]
[Site "Europe Echecs"]
[Date "2020.07.12"]
[Round "6"]
[Time "16:38:39"]
[PlyCount "70"]
[White "EugeneFloryan"]
[Black "ProfiliEmilio"]
[WhiteElo "2343"]
[BlackElo "2053"]
[Mode "WEB"]
[Result "1-0"]

1. d4 Nf6 2. Nf3 g6 3. e3 Bg7 4. Be2 O-O 5. O-O d5 6. b4 a5 7. b5 a4 8. c4 dxc4
9. Nc3 c6 10. Bxc4 Bg4 11. Ba3 cxb5 12. Bxb5 Nc6 13. h3 Bxf3 14. Qxf3 Qa5 15.
Rfc1 Rfc8 16. Rab1 e5 17. d5 Na7 18. e4 Nxb5 19. Rxb5 Qa7 20. Be7 Nh5 21. Rcb1
Rc7 22. d6 Rd7 23. Nd5 Re8 24. Qg4 Rdxe7 25. dxe7 Nf6 26. Nxf6+ Bxf6 27. Rxb7
Qa8 28. Qd7 Kg7 29. Qd6 h5 30. R1b6 Bh4 31. g3 Bg5 32. Qxe5+ f6 33. Qc3 h4 34.
e5 f5 35. Qc6 {ProfiliEmilio a abandonné} 1-0

[Event "Tournament 14475 - Europe Echecs"]
[Site "Europe Echecs"]
[Date "2020.07.12"]
[Round "6"]
[Time "16:38:39"]
[PlyCount "56"]
[White "MateriaMarco"]
[Black "LecciaAntoine"]
[WhiteElo "2269"]
[BlackElo "1950"]
[Mode "WEB"]
[Result "1-0"]

1. Nf3 e6 2. c4 f5 3. Nc3 Nf6 4. d4 Bb4 5. e3 b6 6. Bd3 O-O 7. O-O Bxc3 8. bxc3
Bb7 9. Ba3 Re8 10. c5 d6 11. cxd6 cxd6 12. Nd2 Qd7 13. Rb1 Qc6 14. Nf3 Qd7 15.
c4 Nc6 16. d5 Ne5 17. Nxe5 dxe5 18. d6 Qc6 19. f3 Nd7 20. Be2 Nc5 21. Qd2 Rad8
22. Rfd1 Rd7 23. Bb2 e4 24. f4 Nd3 25. Bxd3 Rxd6 26. Qc3 e5 27. Bf1 Rxd1 28.
Rxd1 {LecciaAntoine a abandonné} 1-0

[Event "Tournament 14475 - Europe Echecs"]
[Site "Europe Echecs"]
[Date "2020.07.12"]
[Round "6"]
[Time "16:38:39"]
[PlyCount "70"]
[White "MakkarRajat"]
[Black "DelinValere"]
[WhiteElo "2214"]
[BlackElo "2043"]
[Mode "WEB"]
[Result "1-0"]

1. d4 Nf6 2. c4 g6 3. g3 Bg7 4. Bg2 O-O 5. Nc3 d6 6. Nf3 c5 7. d5 e6 8. O-O exd5
9. cxd5 Na6 10. Nd2 Nc7 11. a4 Bd7 12. Nc4 Qe7 13. Bf4 Nfe8 14. Ne4 Bg4 15. h3
Bxh3 16. Bxh3 Qxe4 17. Nxd6 Qxd5 18. Nxe8 Qxd1 19. Rfxd1 Nxe8 20. Rd7 b6 21. Bg2
Nf6 22. Rc7 Rad8 23. Rxa7 Rfe8 24. Bc7 Rd2 25. Bxb6 Nd7 26. Ba5 Rd6 27. Bc7 Rd2
28. Bf4 Rd4 29. a5 Rxe2 30. a6 Nf8 31. Ra8 Rb4 32. a7 Rbxb2 33. Rxf8+ Bxf8 34.
a8=Q Rxf2 35. Bd5 {DelinValere a abandonné} 1-0

[Event "Tournament 14475 - Europe Echecs"]
[Site "Europe Echecs"]
[Date "2020.07.12"]
[Round "6"]
[Time "16:38:39"]
[PlyCount "129"]
[White "KuhnClement"]
[Black "SayaEthan"]
[WhiteElo "2150"]
[BlackElo "2199"]
[Mode "WEB"]
[Result "1/2-1/2"]

1. e4 e6 2. d4 d5 3. Nc3 dxe4 4. Nxe4 Nd7 5. Bd3 Ngf6 6. Qe2 Be7 7. c3 O-O 8.
Nf3 b6 9. O-O Bb7 10. Bf4 c5 11. dxc5 Nxc5 12. Nxc5 Bxc5 13. Rad1 Qc8 14. Ne5
Be7 15. Bc2 Rd8 16. Rxd8+ Qxd8 17. Rd1 Qe8 18. h3 Rd8 19. a4 Rxd1+ 20. Qxd1 Qd8
21. Qxd8+ Bxd8 22. Nc4 Ba6 23. Na3 Nd7 24. Be4 e5 25. Be3 Be7 26. b4 g6 27. Bc6
Nb8 28. Bd5 Kf8 29. Nc4 Nd7 30. b5 Bc8 31. a5 Bd8 32. axb6 axb6 33. Bc6 Nb8 34.
Bxb6 Nxc6 35. bxc6 Ba6 36. Bc5+ Be7 37. Nxe5 Bxc5 38. Nd7+ Ke7 39. Nxc5 Bc8 40.
Kf1 Kd6 41. Ne4+ Kxc6 42. Ke2 h5 43. h4 Ba6+ 44. Ke3 Kd5 45. g3 Ke5 46. Nc5 Bb5
47. Nb3 Ba6 48. Nd2 Kf5 49. c4 f6 50. Ne4 g5 51. c5 gxh4 52. gxh4 Kg4 53. Nxf6+
Kxh4 54. c6 Kg5 55. Ne4+ Kg4 56. f3+ Kf5 57. c7 h4 58. Nd6+ Kg5 59. c8=Q Bxc8
60. Nxc8 h3 61. Kf2 h2 62. Kg2 Kf4 63. Ne7 h1=Q+ 64. Kxh1 Kxf3 {Aucun joueur n'a le mat&eacute;riel pour mater} 1/2-1/2

[Event "Tournament 14475 - Europe Echecs"]
[Site "Europe Echecs"]
[Date "2020.07.12"]
[Round "6"]
[Time "16:38:39"]
[PlyCount "84"]
[White "RollotFlorence"]
[Black "HingouetMatthi"]
[WhiteElo "1973"]
[BlackElo "2228"]
[Mode "WEB"]
[Result "1-0"]

1. Nf3 d5 2. c4 d4 3. b4 Nf6 4. Bb2 c5 5. bxc5 Nc6 6. d3 e5 7. Nbd2 Bxc5 8. g3
O-O 9. Bg2 Re8 10. Ng5 h6 11. Nge4 Nxe4 12. Nxe4 Bb4+ 13. Nd2 Qa5 14. a3 Bc3 15.
Bxc3 dxc3 16. Nb3 Qa4 17. Qc2 Bg4 18. h3 Bd7 19. Qxc3 Nd4 20. Nxd4 exd4 21. Qd2
Re7 22. O-O Rae8 23. Rfe1 Bf5 24. Kh2 Qd7 25. Rab1 b6 26. Rb5 h5 27. Rd5 Qe6 28.
Qg5 Bxd3 29. Rxd4 Bxc4 30. Qxh5 Bxe2 31. Qh4 Qf6 32. Qxf6 gxf6 33. Rd6 Kg7 34.
Rb1 Ba6 35. Rb4 Re6 36. Rg4+ Kf8 37. Rd7 R6e7 38. Rd5 Bb7 39. Rh5 Rc7 40. Bxb7
Rxb7 41. Rh8+ Ke7 42. Re4+ {HingouetMatthi a abandonné} 1-0

[Event "Tournament 14475 - Europe Echecs"]
[Site "Europe Echecs"]
[Date "2020.07.12"]
[Round "6"]
[Time "16:38:39"]
[PlyCount "59"]
[White "GuerinJuliette"]
[Black "BergougnouxAxe"]
[WhiteElo "1918"]
[BlackElo "2191"]
[Mode "WEB"]
[Result "0-1"]

1. e4 e5 2. Bc4 Nc6 3. Nc3 Bc5 4. Qg4 g6 5. Qg3 h5 6. d3 h4 7. Qf3 f6 8. Be3 Nd4
9. Qd1 Ne7 10. h3 c6 11. Nf3 d5 12. Bb3 Nxb3 13. axb3 d4 14. Na4 Bd6 15. Bd2 b5
16. O-O bxa4 17. bxa4 g5 18. Nh2 Ng6 19. Ng4 Nf4 20. Qf3 Ke7 21. c3 c5 22. cxd4
cxd4 23. Rac1 Be6 24. Rc6 Qd7 25. Rfc1 Rac8 26. Rxc8 Rxc8 27. Rxc8 Qxc8 28. g3
Nxh3+ 29. Kg2 Bxg4 {GuerinJuliette a abandonné} 0-1

[Event "Tournament 14475 - Europe Echecs"]
[Site "Europe Echecs"]
[Date "2020.07.12"]
[Round "6"]
[Time "16:38:39"]
[PlyCount "49"]
[White "NoirMathys"]
[Black "RaclotLeo"]
[WhiteElo "1897"]
[BlackElo "2124"]
[Mode "WEB"]
[Result "0-1"]

1. e4 e6 2. Nf3 d5 3. e5 b6 4. c3 c5 5. d4 Qd7 6. Be2 Ba6 7. O-O Bxe2 8. Qxe2
Nc6 9. Bg5 Nge7 10. Nbd2 Nf5 11. g4 Nfe7 12. Nb3 Ng6 13. h4 h5 14. gxh5 Rxh5 15.
Nfd2 Rh8 16. h5 Be7 17. hxg6 Bxg5 18. f4 Be7 19. gxf7+ Kxf7 20. f5 exf5 21.
Rxf5+ Qxf5 22. Rf1 g6 23. Qg4 Rag8 24. Qe2 Ke6 {NoirMathys a abandonné} 0-1

[Event "Tournament 14475 - Europe Echecs"]
[Site "Europe Echecs"]
[Date "2020.07.12"]
[Round "6"]
[Time "16:38:39"]
[PlyCount "120"]
[White "TomasiElise"]
[Black "courjalpauline"]
[WhiteElo "2030"]
[BlackElo "1848"]
[Mode "WEB"]
[Result "1-0"]

1. d4 e6 2. Nf3 b6 3. g3 Bb7 4. Bg2 f5 5. O-O Nf6 6. c4 Be7 7. Nc3 O-O 8. b3 Ne4
9. Qc2 Nxc3 10. Qxc3 Bf6 11. Qd3 Be4 12. Qe3 Nc6 13. Bb2 Nb4 14. Qd2 a5 15. a3
Nc6 16. Rfd1 Ne7 17. Ne5 Bxg2 18. Kxg2 d6 19. Nf3 Ng6 20. Qc2 f4 21. c5 Qe8 22.
e3 e5 23. dxe5 dxe5 24. e4 Qc6 25. Rac1 Rfd8 26. Rxd8+ Rxd8 27. cxb6 Qxb6 28.
Qxc7 Qxb3 29. Bxe5 Nxe5 30. Nxe5 Qe6 31. Nf3 Qxe4 32. Qc4+ Qxc4 33. Rxc4 fxg3
34. hxg3 Rd3 35. Ra4 Bc3 36. Rc4 Bf6 37. a4 Bc3 38. Rc8+ Kf7 39. Ng5+ Kg6 40. f4
Rd2+ 41. Kh3 Bb4 42. Rc6+ Kf5 43. Nxh7 Ke4 44. Ng5+ Kd5 45. Rc7 Ra2 46. Rxg7
Rxa4 47. f5 Bc3 48. Rd7+ Ke5 49. Rd3 Ba1 50. g4 Kf6 51. Nf3 Ra2 52. Rd6+ Kg7 53.
g5 Ra3 54. Rd7+ Kg8 55. Kg4 Ra4+ 56. Kh5 Ra3 57. Nh4 a4 58. Kg6 Kf8 59. f6 Rf3
60. Rd8# {courjalpauline est échec et mat} 1-0

[Event "Tournament 14475 - Europe Echecs"]
[Site "Europe Echecs"]
[Date "2020.07.12"]
[Round "6"]
[Time "16:38:39"]
[PlyCount "49"]
[White "GrancherEtienn"]
[Black "DesfontaineVin"]
[WhiteElo "1987"]
[BlackElo "1620"]
[Mode "WEB"]
[Result "0-1"]

1. e4 c5 2. Ne2 d6 3. g3 g6 4. Bg2 Bg7 5. O-O Nc6 6. d3 Nf6 7. a4 O-O 8. Na3 a6
9. Nc4 b5 10. axb5 axb5 11. Rxa8 bxc4 12. dxc4 Qc7 13. Ra3 Bb7 14. Nc3 Ne5 15.
Nd5 Nxd5 16. cxd5 Bc8 17. h3 Bd7 18. b3 f5 19. f4 Nf7 20. Kh2 Nh6 21. Qe2 fxe4
22. Qxe4 Nf5 23. Ra2 Bc8 24. Qe3 Nxe3 {GrancherEtienn a abandonné} 0-1

[Event "Tournament 14475 - Europe Echecs"]
[Site "Europe Echecs"]
[Date "2020.07.12"]
[Round "6"]
[Time "16:38:39"]
[PlyCount "43"]
[White "RebutPaul"]
[Black "LemiereMaxence"]
[WhiteElo "1966"]
[BlackElo "1618"]
[Mode "WEB"]
[Result "0-1"]

1. d4 g6 2. e4 Bg7 3. Nc3 d6 4. Bf4 Nd7 5. Qd2 b6 6. O-O-O Bb7 7. f3 c5 8. Be3
Ngf6 9. dxc5 Nxc5 10. Bxc5 bxc5 11. Bb5+ Nd7 12. Nd5 O-O 13. Qg5 Bxd5 14. Bxd7
Bxa2 15. Bc6 Rb8 16. b3 Qa5 17. Ne2 Bc3 18. Nxc3 Qxc3 19. Ba4 c4 20. Rhe1 cxb3
21. Bxb3 Rxb3 {RebutPaul a abandonné} 0-1